[Event "TCh-FRA Top 16 GpB 2025"]
[Site "Belfort FRA"]
[Date "2025.05.22"]
[Round "1.4"]
[White "Brunner, Nicolas"]
[Black "Guilleux, Fabien"]
[Result "1-0"]
[WhiteTitle "IM"]
[BlackTitle "IM"]
[WhiteElo "2423"]
[BlackElo "2407"]
[WhiteTeam "Vandoeuvre Echecs"]
[BlackTeam "Chalons-En-Champagne"]
[WhiteFideId "620246"]
[BlackFideId "657883"]
[EventDate "2025.05.22"]

1. d4 d5 2. c4 dxc4 3. e4 b5 4. a4 c6 5. axb5 cxb5 6. Nc3 Qb6 7. b3 e6 8. bxc4
Bb4 9. Bd2 bxc4 10. Bxc4 Ne7 11. Nf3 O-O 12. O-O a5 13. Re1 Ba6 14. Na4 Qd6 15.
Bxb4 Qxb4 16. Ba2 Nd7 17. Rb1 Qd6 18. Qd2 Rfc8 19. h4 Bc4 20. Rec1 Bxa2 21. Qxa2
Qf4 22. Qa3 Nc6 23. Nc5 Nf6 24. g3 Qg4 25. Qe3 h6 26. Rb7 Nd8 27. Rbb1 Nc6 28.
Ne5 Qh3 29. Ncd7 Nxd7 30. Nxc6 Rf8 31. e5 Nb8 32. Ne7+ Kh8 33. Qf4 Na6 34. Rb7
Nb4 35. Rcc7 Na6 36. Ng6+ 1-0

[Event "TCh-FRA Top 16 GpB 2025"]
[Site "Belfort FRA"]
[Date "2025.05.22"]
[Round "1.5"]
[White "David, Alberto"]
[Black "Decuigniere, Tom"]
[Result "0-1"]
[WhiteTitle "GM"]
[BlackTitle "IM"]
[WhiteElo "2481"]
[BlackElo "2366"]
[WhiteTeam "Chalons-En-Champagne"]
[BlackTeam "Vandoeuvre Echecs"]
[WhiteFideId "4000013"]
[BlackFideId "26093820"]
[EventDate "2025.05.22"]

1. c4 e6 2. Nc3 d5 3. d4 Nf6 4. cxd5 exd5 5. Bg5 c6 6. e3 Qb6 7. Bd3 Qxb2 8.
Nge2 Be7 9. O-O Qa3 10. f3 Nh5 11. Bxe7 Qxe7 12. e4 Be6 13. e5 g6 14. f4 Ng7 15.
Ng3 Nd7 16. Rb1 Nb6 17. f5 gxf5 18. Qc1 h5 19. Rb3 Rg8 20. Qh6 O-O-O 21. Nce2
Nc4 22. Nf4 h4 23. Nge2 Ne8 24. Rfb1 b5 25. Bxf5 Nc7 26. Bxe6+ fxe6 27. Rh3 Rh8
28. Qg6 Rdg8 29. Qd3 Qg7 30. Rf1 Qg4 31. Rf2 Rg7 32. Qf3 Rf8 33. Qxg4 Rxg4 34.
Nd3 Rf5 35. Nef4 Kd7 36. Rhf3 Ke7 37. Nc5 Nd2 38. Ng6+ Rxg6 39. Rxf5 exf5 40.
Rxd2 Ne6 41. Nxe6 Kxe6 42. Rc2 Kd7 43. h3 a5 44. Rf2 Rg5 45. Rf4 Rh5 46. g4 hxg3
47. Kg2 Ke6 48. Kxg3 c5 49. dxc5 Kxe5 50. Rf1 Rh8 51. Re1+ Kd4 52. c6 Rc8 53.
Rc1 Ke3 54. Rc3+ Ke4 55. c7 b4 56. Rc5 a4 57. h4 b3 58. axb3 axb3 59. h5 f4+ 60.
Kf2 b2 61. Rb5 Rxc7 62. Rxb2 Rh7 63. Re2+ Kd4 64. Rd2+ Kc4 65. Rc2+ Kd3 66. Ra2
Rxh5 67. Kf3 Rf5 68. Ra3+ Kc4 69. Ra4+ Kb3 70. Ra8 Rf7 71. Rb8+ Kc3 72. Rc8+ Kd3
73. Rd8 d4 74. Re8 Kc3 75. Rc8+ Kd2 76. Rc4 d3 77. Rc6 Kd1 78. Rc3 d2 79. Kf2
Re7 80. Rc4 Re2+ 81. Kf1 Re3 82. Kf2 Ra3 0-1

[Event "TCh-FRA Top 16 GpB 2025"]
[Site "Belfort FRA"]
[Date "2025.05.22"]
[Round "1.6"]
[White "Savina, Anastasia"]
[Black "Bournel, Antoine"]
[Result "1/2-1/2"]
[WhiteTitle "IM"]
[BlackTitle "IM"]
[WhiteElo "2332"]
[BlackElo "2423"]
[WhiteTeam "Vandoeuvre Echecs"]
[BlackTeam "Chalons-En-Champagne"]
[WhiteFideId "4196872"]
[BlackFideId "26093553"]
[EventDate "2025.05.22"]

1. d4 Nf6 2. c4 e6 3. Nc3 Bb4 4. e3 O-O 5. Bd3 d5 6. a3 Bxc3+ 7. bxc3 dxc4 8.
Bxc4 c5 9. Ne2 Qc7 10. Bd3 Nc6 11. f4 b6 12. O-O Bb7 13. Ng3 Ne7 14. e4 cxd4 15.
cxd4 Qc3 16. Ra2 Qxd4+ 17. Kh1 Rad8 18. Rd2 Qd7 19. Qe2 Qa4 20. Rfd1 Ng6 21. Bc2
Rxd2 22. Qxd2 Qc4 23. Bd3 Qc7 24. f5 exf5 25. exf5 Nh4 26. Bf1 Ng4 27. Bb2 Nxf5
28. Qg5 Nf2+ 29. Kg1 Qc5 30. Bd4 Nxd4 31. Qxc5 Nh3+ 32. gxh3 bxc5 33. Rc1 Rc8
34. Bc4 g6 35. Kf2 Re8 36. Bd3 Re5 37. Nf1 Bc8 38. h4 Bf5 39. Bc4 Be6 40. Ne3
Kg7 41. Bxe6 Nxe6 42. Rc4 Nd4 43. Ra4 Re7 44. Ra5 Ne6 45. h5 Rd7 46. hxg6 hxg6
47. Nc4 Kf6 48. Ra6 Kf5 49. Ke3 Nd4 50. Ra5 Rc7 51. Nd6+ Ke5 52. Nxf7+ Kd5 53.
Ng5 Re7+ 54. Kd3 Re5 55. h4 Rf5 56. Rxa7 c4+ 57. Ke3 Re5+ 58. Kf4 Ne2+ 59. Kf3
Nd4+ 60. Kf4 Ne2+ 61. Kf3 Kc6 62. Ne4 Nd4+ 63. Kf4 Rh5 64. Ra6+ Kb5 65. Rxg6
Rxh4+ 66. Ke3 Nc2+ 67. Kd2 Nxa3 68. Nd6+ Kc5 69. Nxc4 Nxc4+ 70. Kc3 Rh3+ 71. Kc2
Ne3+ 72. Kd2 Kd4 73. Rd6+ Ke4 74. Re6+ Kd4 75. Rd6+ Nd5 76. Rd8 Rh2+ 77. Kd1 Ke4
78. Kc1 Nf4 79. Re8+ Kd4 80. Rd8+ Nd5 81. Kd1 Rg2 82. Rd7 Ke4 83. Kc1 Ne3 84.
Rd8 Nf5 85. Rd2 Rg3 86. Kb2 Nd4 87. Rh2 Kd3 88. Rh8 Rg2+ 89. Ka3 Rg5 90. Rc8 Rb5
91. Ka4 Rd5 92. Kb4 Rb5+ 93. Ka4 Rh5 94. Kb4 Nc2+ 95. Kb3 Rb5+ 96. Ka4 Rb1 97.
Rd8+ Nd4 98. Rc8 Nb3 99. Kb5 Nc5+ 100. Kc6 Rc1 101. Kd5 Kc3 102. Rxc5+ Kd2 103.
Rxc1 Kxc1 104. Ke5 1/2-1/2

[Event "TCh-FRA Top 16 GpB 2025"]
[Site "Belfort FRA"]
[Date "2025.05.22"]
[Round "1.7"]
[White "Sebag, Marie"]
[Black "Pourquet, Matthieu"]
[Result "0-1"]
[WhiteTitle "GM"]
[WhiteElo "2448"]
[BlackElo "2298"]
[WhiteTeam "Chalons-En-Champagne"]
[BlackTeam "Vandoeuvre Echecs"]
[WhiteFideId "617822"]
[BlackFideId "20654642"]
[EventDate "2025.05.22"]

1. e4 e6 2. d4 d5 3. e5 c5 4. c3 Nc6 5. Nf3 Bd7 6. Be2 Nge7 7. Na3 cxd4 8. cxd4
Nf5 9. Nc2 Be7 10. O-O O-O 11. Bd3 f6 12. Bxf5 exf5 13. Re1 Be8 14. Qd3 fxe5 15.
dxe5 f4 16. Ncd4 Bg6 17. Qb3 Nxd4 18. Nxd4 Bc5 19. Ne6 Bxf2+ 20. Kxf2 Qh4+ 21.
Kf1 f3 22. Nxf8 Rxf8 23. gxf3 Qxh2 24. Qxd5+ Kh8 25. f4 Bf5 26. Re3 Qxf4+ 27.
Rf3 Bh3+ 28. Ke2 Qg4 29. Bf4 Bg2 30. Rf1 g5 31. Be3 Bxf1+ 0-1

[Event "TCh-FRA Top 16 GpB 2025"]
[Site "Belfort FRA"]
[Date "2025.05.22"]
[Round "1.8"]
[White "Vallee, Louis"]
[Black "Lucas, Arthur"]
[Result "0-1"]
[WhiteTitle "FM"]
[BlackTitle "IM"]
[WhiteElo "2253"]
[BlackElo "2328"]
[WhiteTeam "Vandoeuvre Echecs"]
[BlackTeam "Chalons-En-Champagne"]
[WhiteFideId "45103291"]
[BlackFideId "26093073"]
[EventDate "2025.05.22"]

1. d4 d5 2. c4 dxc4 3. Nf3 Nf6 4. e3 Bg4 5. Bxc4 e6 6. Nc3 Nc6 7. h3 Bh5 8. Bb5
Be7 9. g4 Bg6 10. Ne5 O-O 11. Nxc6 bxc6 12. Bxc6 Rb8 13. O-O Nd5 14. Qf3 Nb4 15.
Be4 f5 16. gxf5 exf5 17. Bb1 Qe8 18. a3 Bh5 19. Qh1 Nc6 20. Qd5+ Kh8 21. Bxf5
Bd6 22. Bg4 Bf7 23. Qe4 Ne7 24. f4 Bc4 25. Rf2 Qf7 26. Qg2 h5 27. Bf3 Nf5 28.
Be4 Nh4 29. Qg3 g5 30. Kh1 Qe7 31. b4 Rg8 32. Qg1 gxf4 33. Qd1 f3 34. d5 Rg3 35.
Rh2 Rbg8 36. Bb2 Be5 37. d6 cxd6 38. Nd5 Qg5 39. Nf4 Bxb2 40. Rxb2 Qe5 41. Qd4
Qxd4 42. exd4 Rf8 43. Kh2 Rg5 44. Bd3 Bg8 45. Nxh5 Rxh5 46. Kg3 Nf5+ 47. Kg4 Ng7
48. Re1 f2 49. Rh1 Be6+ 50. Kg3 Bd5 51. Rf1 Rf3+ 52. Kg4 Rxd3 53. Rbxf2 Rxd4+
54. Kg3 Rd3+ 55. Kg4 Be6+ 56. Kf4 Rdxh3 0-1

[Event "TCh-FRA Top 16 GpB 2025"]
[Site "Belfort FRA"]
[Date "2025.05.22"]
[Round "1.1"]
[White "Suleymanli, Aydin"]
[Black "Schlosser, Philipp"]
[Result "1-0"]
[WhiteTitle "GM"]
[BlackTitle "GM"]
[WhiteElo "2617"]
[BlackElo "2472"]
[WhiteTeam "Marseille Echecs"]
[BlackTeam "Bischwiller"]
[WhiteFideId "13413937"]
[BlackFideId "4600169"]
[EventDate "2025.05.22"]

1. e4 c5 2. Nf3 Nc6 3. Bb5 Nf6 4. e5 Nd5 5. Nc3 Nc7 6. Bxc6 dxc6 7. d3 Bg4 8.
Be3 Ne6 9. Ne4 Qc7 10. O-O Bxf3 11. Qxf3 Qxe5 12. Rfe1 Rd8 13. a3 b6 14. b4 Nd4
15. Qd1 c4 16. Rc1 h6 17. Nd2 c3 18. Nb1 g6 19. Nxc3 Bg7 20. Ne4 O-O 21. Ng3 Qf6
22. Qd2 Kh7 23. Bf4 Rd5 24. Re4 e5 25. Bxe5 Nf3+ 26. gxf3 Rxe5 27. Rce1 Rxe4 28.
fxe4 Qb2 29. Qc1 Qxc1 30. Rxc1 Bb2 31. Rb1 Bxa3 32. Ne2 c5 33. b5 Bb4 34. Ra1
Ba5 35. Nf4 Rc8 36. Nd5 c4 37. d4 c3 38. Ra4 Kg7 39. f3 Kf8 40. Kf2 Ke8 41. Ke2 1-0

[Event "TCh-FRA Top 16 GpB 2025"]
[Site "Belfort FRA"]
[Date "2025.05.22"]
[Round "1.2"]
[White "Schmider, Niklas"]
[Black "Santos Latasa, Jaime"]
[Result "0-1"]
[WhiteTitle "IM"]
[BlackTitle "GM"]
[WhiteElo "2421"]
[BlackElo "2620"]
[WhiteTeam "Bischwiller"]
[BlackTeam "Marseille Echecs"]
[WhiteFideId "12993778"]
[BlackFideId "2293307"]
[EventDate "2025.05.22"]

1. e4 c5 2. Nf3 d6 3. Bb5+ Nd7 4. a4 Nf6 5. Nc3 a6 6. Bc4 Qa5 7. Ba2 e6 8. d3 b5
9. Bd2 b4 10. Ne2 Be7 11. c3 bxc3 12. bxc3 Qc7 13. Ng3 Bb7 14. Qe2 O-O 15. O-O
Rfb8 16. Rfc1 Bc6 17. d4 Bf8 18. Bf4 h6 19. Bc4 e5 20. dxe5 dxe5 21. Bd2 Nb6 22.
Bb3 c4 23. Bxc4 Nxa4 24. Bd5 Nc5 25. Bxc6 Qxc6 26. Re1 Qe6 27. Ra5 Rb2 28. Rea1
Rd8 29. Qe1 Qc8 30. Rb1 Nd3 31. Qf1 Rxb1 32. Qxb1 Bc5 33. Be3 Bxe3 34. fxe3 Qxc3
35. Qb6 Re8 36. Qxa6 Nc5 37. Qb5 Qxe3+ 38. Kh1 Ncxe4 39. Nxe4 Qxe4 40. h3 Kh7
41. Nxe5 Rd8 42. Qf1 Kg8 43. Kh2 Qb4 44. Rb5 Qd6 45. Kh1 Re8 46. Qf5 Qc7 47. Kg1
Rd8 48. Qf1 Nd5 49. Nd3 Ne3 50. Qe2 Qc4 51. Re5 Rxd3 0-1

[Event "TCh-FRA Top 16 GpB 2025"]
[Site "Belfort FRA"]
[Date "2025.05.22"]
[Round "1.3"]
[White "Laurent-Paoli, Pierre"]
[Black "Pigeat, Alexandre"]
[Result "1-0"]
[WhiteTitle "GM"]
[BlackTitle "FM"]
[WhiteElo "2544"]
[BlackElo "2303"]
[WhiteTeam "Marseille Echecs"]
[BlackTeam "Bischwiller"]
[WhiteFideId "26017962"]
[BlackFideId "20649444"]
[EventDate "2025.05.22"]

1. e4 e6 2. d4 d5 3. Nc3 dxe4 4. Nxe4 Bd7 5. Nf3 Bc6 6. Bd3 Nd7 7. O-O Be7 8. c3
Ngf6 9. Ned2 b6 10. a4 O-O 11. a5 b5 12. a6 Rb8 13. Qe2 Nd5 14. Ne4 N7f6 15. Ne5
Be8 16. Nc5 Rb6 17. Bd2 Qc8 18. b3 Bxc5 19. dxc5 Rxa6 20. Bxb5 Bxb5 21. Qxb5
Rxa1 22. Rxa1 Ne4 23. Be1 f6 24. Nf3 Qb8 25. Qc4 f5 26. Ne5 Qd8 27. f3 Ng5 28.
Qd4 Qe8 29. c4 Nf6 30. b4 Nf7 31. Rxa7 Qb8 32. Ra1 Rd8 33. Qe3 Qb7 34. c6 Qc8
35. b5 Nd6 36. Ra7 Rf8 37. Ba5 Nde8 38. Bb4 Nd6 39. Bxd6 cxd6 40. Nd7 Nxd7 41.
Rxd7 Qe8 42. Qg5 1-0

[Event "TCh-FRA Top 16 GpB 2025"]
[Site "Belfort FRA"]
[Date "2025.05.22"]
[Round "1.4"]
[White "Ernst, Luca"]
[Black "Girel, Joseph"]
[Result "1-0"]
[WhiteTitle "FM"]
[BlackTitle "GM"]
[WhiteElo "2222"]
[BlackElo "2498"]
[WhiteTeam "Bischwiller"]
[BlackTeam "Marseille Echecs"]
[WhiteFideId "45117055"]
[BlackFideId "36033561"]
[EventDate "2025.05.22"]

1. e4 e5 2. Nf3 Nc6 3. Bb5 a6 4. Ba4 Nf6 5. Nc3 d6 6. Bxc6+ bxc6 7. d4 Nd7 8.
dxe5 dxe5 9. Bg5 f6 10. Be3 a5 11. Nh4 Qe7 12. O-O Qf7 13. Qf3 Bb4 14. Nf5 g6
15. Nh6 Qe6 16. Rfd1 Ba6 17. Rd2 O-O-O 18. a3 Be7 19. b4 Qc4 20. Na4 Bb5 21. Nb2
Qe6 22. c4 Ba6 23. Rd5 axb4 24. axb4 cxd5 25. exd5 e4 26. dxe6 exf3 27. exd7+
Kxd7 28. Rxa6 Ra8 29. Rxa8 Rxa8 30. gxf3 Bxb4 31. Bd4 Ra3 32. Kg2 Bc3 33. Bxc3
Rxc3 34. Ng4 Rc2 35. Nd3 Rxc4 36. Nge5+ fxe5 37. Nxe5+ Ke6 38. Nxc4 Kd5 39. Ne3+
Kd4 40. Kf1 c5 41. Ke2 c4 42. Kd2 c3+ 43. Kc2 Ke5 44. Ng2 Kd5 1-0

[Event "TCh-FRA Top 16 GpB 2025"]
[Site "Belfort FRA"]
[Date "2025.05.22"]
[Round "1.5"]
[White "Flom, Gabriel"]
[Black "Barbaras, Mathieu"]
[Result "1/2-1/2"]
[WhiteTitle "GM"]
[WhiteElo "2454"]
[BlackElo "2277"]
[WhiteTeam "Marseille Echecs"]
[BlackTeam "Bischwiller"]
[WhiteFideId "621650"]
[BlackFideId "20622910"]
[EventDate "2025.05.22"]

1. d4 Nf6 2. c4 e6 3. Nc3 Bb4 4. Qc2 Nc6 5. Nf3 d6 6. Bd2 e5 7. d5 Bxc3 8. Bxc3
Ne7 9. e4 Ng6 10. g3 O-O 11. O-O-O Ne8 12. h4 Bg4 13. Be2 h6 14. h5 Bxf3 15.
Bxf3 Ne7 16. Be2 c6 17. f4 f6 18. Kb1 Qc8 19. Rh4 cxd5 20. exd5 Qf5 21. Bd3 Qd7
22. Qe2 Nc7 23. c5 Ncxd5 24. Bc4 dxc5 25. fxe5 Qe6 26. Rg4 Rf7 27. exf6 Qxe2 28.
Bxe2 Nxc3+ 29. bxc3 Rxf6 30. Rd7 Kf8 31. Rxb7 Rd8 32. Bc4 Nf5 33. Bb3 Ne3 34.
Rgxg7 c4 35. Rh7 Kg8 36. Rbg7+ Kf8 37. Rxa7 Kg8 38. Rag7+ Kf8 39. Rc7 Kg8 40.
Rcg7+ Kf8 41. Ra7 Kg8 42. Rhe7 Rf1+ 43. Kb2 Rd2+ 44. Ka3 cxb3 45. Ra8+ Rf8 46.
Rxf8+ Kxf8 47. Rxe3 bxa2 48. Re1 Rd3 49. Kb3 Rxg3 50. Ra1 Rh3 51. Rxa2 Rxh5 52.
c4 Ke7 53. Rd2 Rc5 54. Kb4 Rc8 55. Kb5 Kf6 56. Rd5 Ke6 57. Rh5 Rb8+ 58. Kc5 Rc8+
59. Kd4 Rd8+ 60. Ke4 Rh8 61. c5 Kd7 62. Kd5 Kc7 63. Kc4 Kc6 64. Rf5 h5 65. Rf6+
Kc7 66. Kb5 Rb8+ 67. Kc4 Rh8 68. Rf7+ Kc6 69. Ra7 h4 70. Ra6+ Kb7 71. Kb5 h3 72.
c6+ Kc7 73. Ra7+ Kd6 74. Rd7+ Ke6 75. Rd1 Kf5 76. c7 Rc8 77. Kc6 Kg4 1/2-1/2

[Event "TCh-FRA Top 16 GpB 2025"]
[Site "Belfort FRA"]
[Date "2025.05.22"]
[Round "1.6"]
[White "Schmitt, Andre"]
[Black "Degraeve, Remy"]
[Result "1/2-1/2"]
[WhiteTitle "FM"]
[BlackTitle "IM"]
[WhiteElo "2226"]
[BlackElo "2403"]
[WhiteTeam "Bischwiller"]
[BlackTeam "Marseille Echecs"]
[WhiteFideId "603937"]
[BlackFideId "26024560"]
[EventDate "2025.05.22"]

1. Nf3 d5 2. g3 c5 3. Bg2 Nc6 4. d4 e6 5. O-O cxd4 6. Nxd4 Bc5 7. Nb3 Bb6 8. c4
Nge7 9. cxd5 exd5 10. Nc3 O-O 11. Bf4 d4 12. Na4 Ng6 13. Nxb6 axb6 14. Bxc6 bxc6
15. Qxd4 Nxf4 16. Qxf4 c5 17. Rfd1 Qe8 18. Qe3 Qb5 19. Qd3 Qa4 20. Nd2 Ba6 21.
Qb3 Qc6 22. Nc4 Qe4 23. Nd6 Qg4 24. e4 Rab8 25. Rd2 h5 26. Qe3 Rbd8 27. a3 Rd7
28. Rad1 Rfd8 29. f3 Qe6 30. Qf4 Qb3 31. Kf2 Qe6 32. Kg2 g6 33. h3 Kg7 34. e5
Kg8 35. h4 Re7 36. Re1 Red7 37. Red1 Re7 38. Re1 Red7 39. Red1 Re7 1/2-1/2

[Event "TCh-FRA Top 16 GpB 2025"]
[Site "Belfort FRA"]
[Date "2025.05.22"]
[Round "1.7"]
[White "Vu Dinh, Adrien"]
[Black "Tavernier, Loris"]
[Result "1-0"]
[BlackTitle "CM"]
[WhiteElo "2180"]
[BlackElo "2065"]
[WhiteTeam "Marseille Echecs"]
[BlackTeam "Bischwiller"]
[WhiteFideId "45186995"]
[BlackFideId "651008653"]
[EventDate "2025.05.22"]

1. e4 c6 2. Nf3 d5 3. Nc3 dxe4 4. Nxe4 Nf6 5. Qe2 Nxe4 6. Qxe4 Nd7 7. Bc4 Nf6 8.
Ne5 e6 9. Qe2 b5 10. Bd3 Qc7 11. Nxc6 a6 12. Nd4 Bb7 13. Nf3 Bd6 14. c3 Nd5 15.
g3 Nxc3 16. dxc3 Qc6 17. O-O Qxf3 18. Qxf3 Bxf3 19. Re1 O-O-O 20. Be4 Bxe4 21.
Rxe4 Kb7 22. a4 Bc5 23. Bf4 Rd5 24. axb5 axb5 25. c4 Rd4 26. Rxd4 Bxd4 27. cxb5
e5 28. Rd1 Kb6 29. Be3 Kxb5 30. Kf1 Bxe3 31. fxe3 Kc6 32. Rc1+ Kd6 33. b4 Rb8
34. Rb1 e4 35. g4 Rb5 36. Kf2 Ke5 37. Kg3 g5 38. Rf1 Ke6 39. Rf5 Rd5 40. b5 h6
41. b6 Rd7 42. Rb5 Rb7 43. h4 f6 44. h5 Kd6 45. Rb4 Kd5 46. Kf2 Kc5 47. Rxe4
Rxb6 48. Re8 Kd5 49. Kf3 Rb1 50. Rh8 Rf1+ 51. Kg2 Re1 52. Kf2 Rh1 53. Rxh6 Ke5
54. Rh8 f5 55. Re8+ Kd6 56. gxf5 Rxh5 57. e4 Rh4 58. Ke3 Rf4 59. Re6+ Kd7 60.
Rg6 Rg4 61. Kd4 Rg1 62. Ke5 1-0

[Event "TCh-FRA Top 16 GpB 2025"]
[Site "Belfort FRA"]
[Date "2025.05.22"]
[Round "1.8"]
[White "Bellahcene, Sofia"]
[Black "Delorme, Laurie"]
[Result "0-1"]
[BlackTitle "WIM"]
[WhiteElo "2094"]
[BlackElo "2070"]
[WhiteTeam "Bischwiller"]
[BlackTeam "Marseille Echecs"]
[WhiteFideId "26075954"]
[BlackFideId "630829"]
[EventDate "2025.05.22"]

1. e4 e5 2. Nf3 Nc6 3. Bb5 a6 4. Ba4 Nf6 5. O-O Be7 6. Re1 b5 7. Bb3 O-O 8. c3
d5 9. exd5 Nxd5 10. Nxe5 Nxe5 11. Rxe5 c6 12. Bxd5 cxd5 13. Qf3 Bd6 14. Re2 Qg5
15. h3 Bd7 16. Na3 Rae8 17. d4 Qg6 18. Be3 Bf5 19. Ree1 Re4 20. Kf1 h6 21. Bd2
Rh4 22. Qxd5 Bd3+ 23. Re2 Re4 24. Be3 Bxe2+ 25. Kxe2 Bxa3 26. bxa3 Qxg2 27. Qf5
Rfe8 28. Kd3 g6 29. Qf6 Qxh3 30. Re1 R4e6 31. Qf4 g5 32. Qc7 Qf5+ 33. Kd2 Qd5
34. Ra1 f5 35. Qc5 Qf3 36. d5 Rd8 37. Kc2 Qxd5 38. Qxd5 Rxd5 39. Bd4 Kf7 40. Kd3
Kg6 41. Rg1 f4 42. a4 Kf5 43. Rh1 Kg4 44. axb5 axb5 45. a3 Kf3 46. Rh5 Rd7 47.
Rh1 Rh7 0-1